000 00512nam a2200145Ia 4500
008 231221s9999 xx 000 0 und d
020 _a978-1-84800-984-4
041 _aEnglish
100 _aYury V. Orlov
245 0 _aDiscontinuous Systems
260 _c2009
_bSpringer London
_aNew York
440 _aCommunications and Control Engineering
650 _aSystems Theory, Control; Vibration, Dynamical Systems, Control; Electronics and Microelectronics, Instrumentation; Automotive Engineering
942 _cEB
999 _c227352
_d227352